000
00296nam a22001337a 4500
008
170619b xxu||||| |||| 00| 0 eng d
020
_a
0136866425
041
_a
eng
080
_a
32
100
_a
20
101
_a
SHP
245
_a
POWER AND CLASS IN AFRICA
_c
MARKOVITZ.D
942
_2
udc
_c
BK
999
_c
18052
_d
18052